1040 1137 1822 1478 1871 1454 1093 1101 1738 1968 1135 1404 1051 1465 1338 1232 1859 1113 1459 1042 1816 1697 1649 1500 1318 1261 1362 1389 1735 1979 1953 1452 1581 1491 1155 1369 1030 1881 1864 1066 1847 1634 1993 1623 1877 1800 1813 1639 1817 1434 1664 1944 1869 1374 1204 1913 1769 1259 1569 1488 1484 1274 1540 1690 1042 1329 1927 1401 1097 1527 1216 1352 1987 1746 1494 1001 1522 1274 1188 1419 1088 1938 1021 1811 1113 1420 1778 1313 1382 1320 1292 1854 1596 1878 1092 1014 1045 1195 1290 BCNSPRNW ULIB Ver.6.0+V

เปลี่ยนเป็นภาษาไทย

Change to English
 แสดงรายละเอียดบรรณานุกรม
  กลับหน้าหลัก

Brief Record : Get Marc (ISO 2709) : E-mail record : QR code < ปิดหน้าต่าง
LEADER : 00000nam 2200000uu 4500
001    13399121474
003     ULIB
008    121121s2552||||th 000 0 tha d
020    ^a9786115120529
050 04 ^aTT890^bศ855ก
100 0  ^aเศรษฐพงศ์ อัปมะเย
245 10 ^aการห่อขนมและอาหารด้วยใบตอง /^cเศรษฐพงศ์ อัปมะเย
250    ^aพิมพ์ครั้งที่ 1
260    ^aกรุงเทพฯ :^bวาดศิลป์,^c2552
300    ^a64 หน้า :^bภาพประกอบ ;^c26 ซม
440  0 ^aโครงการหนังสืออนุรักษ์และส่งเสริมศิลปวัฒนธรรมไทย
650  7 ^aการประดิษฐ์ด้วยใบตอง
710 1  ^aวาดศิลป์
945    ^p160^l0^i16864
995    ^aวิภา
999 ^a ทศพร
รายการนี้ยังไม่มีแท็ก
คุณยังไม่ได้ล็อกอิน คุณสามารถมีกิจกรรมร่วมกับเว็บไซต์ได้ แต่ต้องล็อกอินก่อน ::
  ล็อกอิน

รายการสื่อสารสนเทศ

ลำดับที่ ประเภท เลขเรียก/บาร์โค้ด สถานที่ สถานะ
1. วิทยาศาสตร์การแพทย์ และสุขภาพ
วิทยาศาสตร์การแพทย์ และสุขภาพ
TT890 ศ855ก  
  Barcode: 16864
ห้องสมุดวิทยาเขตสวรรค์ประชารักษ์
►หนังสือทั่วไป
บนชั้น

รายการใกล้เคียง
    ผู้แต่ง [เศรษฐพงศ์ อัปมะเย]

    หัวเรื่อง [การประดิษฐ์ด้วยใบตอง]

BibComment


ยังไม่เคยถูกคอมเมนท์

คอมเมนท์ทรัพยากรรายการนี้
  คอมเมนท์: การห่อขนมและอาหา..


 Copyright 2026. Bcnsprnw @Library